000 00439nam a2200157Ia 4500
008 090124s9999 xx 000 0 und d
082 _b102443
245 _a मंङगल साहित्य
250 _a0
260 _c1946
300 _a168
630 _a मंङगल साहित्य
700 _aगाडगीळ अमरेंद्र.
730 _a मंङगल साहित्य
942 _cBOOK
999 _c148535
_d148535